Waste Water Treatment / (Record no. 417)

000 -LEADER
fixed length control field 00551nam a2200181Ia 4500
008 - FIXED-LENGTH DATA ELEMENTS--GENERAL INFORMATION
fixed length control field 190805s9999||||xx |||||||||||||| ||und||
020 ## - INTERNATIONAL STANDARD BOOK NUMBER
International Standard Book Number 9788120417120
Terms of availability Rs. 475.00
082 04 - DEWEY DECIMAL CLASSIFICATION NUMBER
Classification number 628.3
Item number R1803
100 1# - MAIN ENTRY--PERSONAL NAME
Personal name Rao, M. N.
245 10 - TITLE STATEMENT
Title Waste Water Treatment /
250 ## - EDITION STATEMENT
Edition statement 3rd ed.
260 ## - PUBLICATION, DISTRIBUTION, ETC. (IMPRINT)
Place of publication, distribution, etc New Delhi :
Name of publisher, distributor, etc CBS Publishers & Distributors Pvt Ltd,
Date of publication, distribution, etc 2007, reprinted 2018
300 ## - PHYSICAL DESCRIPTION
Extent xii, 388 p.
Other physical details : ill.
Dimensions ; 22 cm.
650 #0 - SUBJECT ADDED ENTRY--TOPICAL TERM
Topical term or geographic name as entry element Sewage
General subdivision Purification
700 1# - ADDED ENTRY--PERSONAL NAME
Personal name Datta, A. K.
852 ## - LOCATION/CALL NUMBER
Location
942 ## - ADDED ENTRY ELEMENTS (KOHA)
Item type Books
Holdings
Withdrawn status Lost status Damaged status Not for loan Collection code Date acquired Date last seen Koha item type Permanent location Current location Shelving location Source of acquisition Cost, normal purchase price Total Checkouts Full call number Barcode Date last borrowed Public note
        Environmental science 2019-08-05 2019-08-05 Books                    
        Environmental science 2019-06-27 2023-03-21 Books IMU Kochi Library IMU Kochi Library General Stacks Green Books 475.00 1 628.3 R1803 BK005602 2023-03-21 Gen. Shelf-14, Row-6
        Environmental science 2019-06-28 2019-08-05 Books IMU Kochi Library IMU Kochi Library General Stacks Cosmo Books 475.00   628.3 R1803 BK005648   Gen. Shelf-14, Row-6
        Environmental science 2019-06-28 2019-08-05 Books IMU Kochi Library IMU Kochi Library General Stacks Cosmo Books 475.00   628.3 R1803 BK005649   Gen. Shelf-14, Row-6
        Environmental science 2019-06-27 2019-08-05 Books IMU Kochi Library IMU Kochi Library General Stacks Green Books 475.00   628.3 R1803 BK005601   Gen. Shelf-14, Row-6


Copyright © All Rights Reserved by Indian Maritime University, Kochi Campus.
For any Suggestions/Query Contact to library or Email: library.kochi@imu.ac.in Ph:(0484)-2989402
(Web OPAC Designed by Rudra Ranjan. Maintained by IMU Kochi Library)

Powered by Koha